5HLuxD.jpg

KING HENRY VIII SENIOR AND PRIMARY SCHOOL LIBRARY OPAC

I WONDER WHY LEAVES CHANGE COLOUR (Record no. 4358)

000 -LEADER
fixed length control field 00330nam a22001217a 4500
008 - FIXED-LENGTH DATA ELEMENTS--GENERAL INFORMATION
fixed length control field 250207b ||||| |||| 00| 0 eng d
020 ## - INTERNATIONAL STANDARD BOOK NUMBER
International Standard Book Number 9780753440681
082 ## - DEWEY DECIMAL CLASSIFICATION NUMBER
Classification number 580 CHA
100 ## - MAIN ENTRY--PERSONAL NAME
Personal name CHARMAN,ANDREW
Relator term AUTHOR
245 ## - TITLE STATEMENT
Title I WONDER WHY LEAVES CHANGE COLOUR
260 ## - PUBLICATION, DISTRIBUTION, ETC.
Place of publication, distribution, etc. 20 NEW WHARF ROAD,LONDON N1 9RR
Name of publisher, distributor, etc. KING FISHER
942 ## - ADDED ENTRY ELEMENTS (KOHA)
Source of classification or shelving scheme
Holdings
Withdrawn status Lost status Source of classification or shelving scheme Damaged status Not for loan Collection code Permanent Location Current Location Shelving location Date acquired Full call number Barcode Date last seen Price effective from Koha item type Public note
          Non-Fiction KH8 Primary School Library KH8 Primary School Library Non Fiction 2025-02-07 580 CHA KHPL000006043 2025-12-05 2025-02-07 Books - Non Ficton KH8 PRIMARY LIBRARY

Powered By KH8 IT Dept